The Essential Collection for Young Readers/ (Record no. 207956)

MARC details
000 -LEADER
fixed length control field 00560nam a22001937a 4500
005 - DATE AND TIME OF LATEST TRANSACTION
control field 20250101121550.0
010 ## - LCCN (DPL NO)
LC control number B-761533
020 ## - INTERNATIONAL STANDARD BOOK NUMBER
International Standard Book Number 9788129137005
Terms of availability 195.00
035 ## - SYSTEM CONTROL NUMBER
System control number B-761533
037 ## - SOURCE OF ACQUISITION
Source of stock number/acquisition Gift
082 ## - DEWEY DECIMAL CLASSIFICATION NUMBER
Classification number S
100 ## - MAIN ENTRY--PERSONAL NAME
Personal name Bond, Ruskin
245 ## - TITLE STATEMENT
Title The Essential Collection for Young Readers/
Statement of responsibility, etc Ruskin Bond
260 ## - PUBLICATION, DISTRIBUTION, ETC. (IMPRINT)
Name of publisher, distributor, etc Rupa
Date of publication, distribution, etc 2015
Place of publication, distribution, etc New Delhi
270 ## - ADDRESS
Address 7/16, Ansari Road Dariya Ganj
City New Delhi
Postal code 110002
300 ## - PHYSICAL DESCRIPTION
Extent vii, 202p.
Dimensions 20cm(pb)
942 ## - ADDED ENTRY ELEMENTS (KOHA)
Source of classification or shelving scheme Dewey Decimal Classification
Item type Children Books
Call number suffix BON
Classification part S
Holdings
Withdrawn status Lost status Not for loan Collection code Home library Current library Date acquired Source of acquisition Cost, normal purchase price Full call number Barcode Copy number Cost, replacement price Koha item type Public note
      Fiction Central Library Central Library 01/01/2025 Gift/19.12.24 195.00 BON S B-761533 1 195.00 Children Books Gift

© Delhi Public Library
Hit Counter
free hit counter